Kant on causality, freedom, and objectivity /

Bibliographic Details
Other Authors: Harper, William L. (William Leonard), 1943-, Meerbote, Ralf
Format: Book
Language:English
Published: Minneapolis : University of Minnesota Press, [1984]
Subjects:

MARC

Tag First Indicator Second Indicator Subfields
LEADER 00000pam a2200000 a 4500
001 in00000553313
005 20151014052713.0
008 840213s1984 mnua b s00100 eng
010 |a  84003593  
020 |a 0816612668 :  |c $25.00 
020 |a 0816612676 (pbk.) :  |c $11.95 
035 |a (OCoLC)10457540 
035 |9 ACJ9954AM 
039 0 |a 2  |b 3  |c 3  |d 3  |e 3 
040 |a DLC  |c DLC  |d TXA  |d UtOrBLW 
049 |a TXAM 
050 0 0 |a B2799.C3  |b K36 1984 
082 0 |a 122  |2 19 
245 0 0 |a Kant on causality, freedom, and objectivity /  |c William L. Harper and Ralf Meerbote, editors. 
264 1 |a Minneapolis :  |b University of Minnesota Press,  |c [1984] 
264 4 |c ©1984 
300 |a vii, 190 pages :  |b illustrations ;  |c 24 cm. 
336 |a text  |b txt  |2 rdacontent 
337 |a unmediated  |b n  |2 rdamedia 
338 |a volume  |b nc  |2 rdacarrier 
504 |a Includes bibliographies and index. 
600 1 0 |a Kant, Immanuel,  |d 1724-1804. 
650 0 |a Causation  |x History  |y 18th century. 
700 1 |a Harper, William L.  |q (William Leonard),  |d 1943- 
700 1 |a Meerbote, Ralf. 
999 |a MARS 
999 f f |s 73b1b324-c118-3979-94d9-a17e08ab728a  |i d985d12a-5fb8-3106-9fda-ed9e5196562e  |t 0 
952 f f |p ric  |a Texas A&M University  |b Rellis Campus  |c Joint Library Facility  |d Remote Storage  |t 0  |e B2799.C3 K36 1984  |h Library of Congress classification  |i unmediated -- volume  |m A14808866570 
998 f f |a B2799.C3 K36 1984  |t 0  |l Remote Storage